000 00421nam a2200193Ia 4500
005 20240823012448.0
008 240823s9999||||xx |||||||||||||| ||und||
020 _a0-14-062190-3
041 _aENGLISH
082 _A823 N5
100 _aAlcott L M
245 0 _aGood Wives
250 _a1st
260 _c1995
_b"Penguin Books,En"
500 _aYES
650 _aStory
_bEnglish
942 _cBK
999 _c164466
_d164466